भागवत के अनमोल वचन / (Record no. 208436)

MARC details
000 -LEADER
fixed length control field 00829nam a22001817a 4500
005 - DATE AND TIME OF LATEST TRANSACTION
control field 20250113161040.0
010 ## - LCCN (DPL NO)
LC control number HIN-129245
020 ## - INTERNATIONAL STANDARD BOOK NUMBER
International Standard Book Number 9788119798087
Terms of availability 595.00
035 ## - SYSTEM CONTROL NUMBER
System control number HN-101591
037 ## - SOURCE OF ACQUISITION
Source of stock number/acquisition DBAD
082 ## - DEWEY DECIMAL CLASSIFICATION NUMBER
Classification number 230.2
100 ## - MAIN ENTRY--PERSONAL NAME
Personal name दुबे, श्याम बिहारी
245 ## - TITLE STATEMENT
Title भागवत के अनमोल वचन /
Remainder of title श्याम बिहारी दुबे
260 ## - PUBLICATION, DISTRIBUTION, ETC. (IMPRINT)
Place of publication, distribution, etc नई दिल्ली
Name of publisher, distributor, etc हर-आनन्द पब्लिकेशन
Date of publication, distribution, etc 2024
270 ## - ADDRESS
Address ई-49/3, ओखला इंडस्ट्रियल एरिया, फेस-2,
City नई दिल्ली
Postal code 110020
Telephone number 011-41603490
Electronic mail address info@haranandbooks.com
300 ## - PHYSICAL DESCRIPTION
Extent 95पृ.
Dimensions 22 सेमी (अजिल्द )
942 ## - ADDED ENTRY ELEMENTS (KOHA)
Source of classification or shelving scheme Dewey Decimal Classification
Item type Hindi Books
Classification part 230.2
Call number suffix दुबेश्या
Holdings
Withdrawn status Lost status Not for loan Collection code Home library Current library Date acquired Source of acquisition Cost, normal purchase price Full call number Barcode Copy number Cost, replacement price Koha item type
      Non-fiction Kadipur Kadipur 13/01/2025 DBAD 595.00 230.2 दुबेश्या HN-101591 1 595.00 Hindi Books

© Delhi Public Library
Hit Counter
free hit counter